000 00576nam a2200217 a 4500
999 _c5348
_d5348
001 5348
003 BD-JhCC
005 20171213113031.0
008 171213s19521962e |||| || | 000 0 eng d
035 _a(BD-JhCC)5348
040 _aBD-JhCC
_dBD-JhCC
041 _aeng
082 _a428
_bHEW 1962
100 _aHewson, T. H.
245 _aEnglish A General Certificate Course /
_cT. H. Hewson,
260 _aLondon :
_bJohn Murray Publishers,
_c1962
300 _a130p. :
_c19 cm.
650 _aEnglish Language
_xStuday and Teaching
942 _2ddc
_cBK